Marine auxiliary machinery / (Record no. 1569)
[ view plain ]
| 000 -LEADER | |
|---|---|
| fixed length control field | 00566nam a2200205 4500 |
| 003 - CONTROL NUMBER IDENTIFIER | |
| control field | OSt |
| 005 - DATE AND TIME OF LATEST TRANSACTION | |
| control field | 20200127154900.0 |
| 008 - FIXED-LENGTH DATA ELEMENTS--GENERAL INFORMATION | |
| fixed length control field | 200127b ||||| |||| 00| 0 eng d |
| 040 ## - CATALOGING SOURCE | |
| Transcribing agency | imu-kc |
| 082 00 - DEWEY DECIMAL CLASSIFICATION NUMBER | |
| Classification number | 623.87 |
| Item number | S719 |
| 100 ## - MAIN ENTRY--PERSONAL NAME | |
| 9 (RLIN) | 1200 |
| Personal name | Souchotte, Ernest |
| Relator term | editor |
| 245 ## - TITLE STATEMENT | |
| Title | Marine auxiliary machinery / |
| Statement of responsibility, etc. | edited by Ernest Souchotte |
| 250 ## - EDITION STATEMENT | |
| Edition statement | 6th ed. |
| 260 ## - PUBLICATION, DISTRIBUTION, ETC. | |
| Place of publication, distribution, etc. | London |
| Name of publisher, distributor, etc. | Newnes - Butterworths |
| Date of publication, distribution, etc. | 1975 |
| 300 ## - PHYSICAL DESCRIPTION | |
| Extent | 502 p. |
| 490 ## - SERIES STATEMENT | |
| Series statement | Marine Engineering Series |
| 650 #0 - SUBJECT ADDED ENTRY--TOPICAL TERM | |
| 9 (RLIN) | 198 |
| Topical term or geographic name entry element | Marine Engines |
| 9 (RLIN) | 1202 |
| Topical term or geographic name entry element | Marine machinery |
| 942 ## - ADDED ENTRY ELEMENTS (KOHA) | |
| Source of classification or shelving scheme | |
| Koha item type | Books |
| Withdrawn status | Lost status | Source of classification or shelving scheme | Damaged status | Not for loan | Permanent Location | Current Location | Date acquired | Full call number | Barcode | Date last seen | Price effective from | Koha item type | Total Checkouts | Total Renewals | Date last checked out |
|---|---|---|---|---|---|---|---|---|---|---|---|---|---|---|---|
| IMU Kolkata | IMU Kolkata | 2020-01-27 | 623.87 S719 | 04479 | 2020-01-27 | 2020-01-27 | Books | ||||||||
| IMU Kolkata | IMU Kolkata | 2020-01-28 | 623.87 S719 | 04548 | 2022-09-02 | 2020-01-28 | Books | ||||||||
| IMU Kolkata | IMU Kolkata | 2020-01-28 | 623.87 S719 | 04549 | 2020-01-28 | 2020-01-28 | Books | ||||||||
| IMU Kolkata | IMU Kolkata | 2020-01-28 | 623.87 S719 | 04550 | 2020-01-28 | 2020-01-28 | Books | ||||||||
| IMU Kolkata | IMU Kolkata | 2020-01-28 | 623.87 S719 | 04551 | 2020-01-28 | 2020-01-28 | Books | ||||||||
| IMU Kolkata | IMU Kolkata | 1978-12-13 | 623.87 S719 | 05029 | 2020-03-18 | 2020-03-18 | Books | ||||||||
| IMU Kolkata | IMU Kolkata | 1978-12-13 | 623.87 S719 | 05030 | 2020-03-18 | 2020-03-18 | Books | ||||||||
| IMU Kolkata | IMU Kolkata | 1980-02-13 | 623.87 S719 | 05147 | 2020-03-19 | 2020-03-19 | Books | ||||||||
| IMU Kolkata | IMU Kolkata | 2020-03-26 | 623.87 S719 | 05632 | 2024-11-28 | 2020-03-26 | Books | 3 | 1 | 2024-11-13 | |||||
| IMU Kolkata | IMU Kolkata | 2020-03-26 | 623.87 S719 | 05640 | 2020-03-26 | 2020-03-26 | Books | ||||||||
| IMU Kolkata | IMU Kolkata | 2020-03-26 | 623.87 S719 | 05647 | 2020-03-26 | 2020-03-26 | Books | ||||||||
| IMU Kolkata | IMU Kolkata | 2020-03-26 | 623.87 S719 | 05649 | 2020-03-26 | 2020-03-26 | Books | ||||||||
| IMU Kolkata | IMU Kolkata | 2020-03-26 | 623.87 S719 | 05651 | 2020-03-26 | 2020-03-26 | Books | ||||||||
| IMU Kolkata | IMU Kolkata | 2020-03-26 | 623.87 S719 | 05652 | 2020-03-26 | 2020-03-26 | Books | ||||||||
| IMU Kolkata | IMU Kolkata | 2020-03-26 | 623.87 S719 | 05653 | 2020-03-26 | 2020-03-26 | Books | ||||||||
| IMU Kolkata | IMU Kolkata | 2020-03-26 | 623.87 S719 | 05655 | 2020-03-26 | 2020-03-26 | Books | ||||||||
| IMU Kolkata | IMU Kolkata | 2020-03-26 | 623.87 S719 | 05656 | 2020-03-26 | 2020-03-26 | Books | ||||||||
| IMU Kolkata | IMU Kolkata | 2020-03-26 | 623.87 S719 | 05659 | 2020-03-26 | 2020-03-26 | Books | ||||||||
| IMU Kolkata | IMU Kolkata | 2020-03-26 | 623.87 S719 | 05660 | 2020-03-26 | 2020-03-26 | Books | ||||||||
| IMU Kolkata | IMU Kolkata | 2020-06-10 | 623.87 S719 | 06165 | 2020-06-10 | 2020-06-10 | Books | ||||||||
| IMU Kolkata | IMU Kolkata | 2020-07-13 | 623.87 S719 | 08008 | 2020-07-13 | 2020-07-13 | Books | ||||||||
| IMU Kolkata | IMU Kolkata | 2021-07-06 | 623.87 S719 | 08958 | 2021-07-06 | 2021-07-06 | Books |